[Event "Titled Tuesday intern op 06th Jun Early"]
[Site "Chess.com INT"]
[Date "2023.06.06"]
[Round "5"]
[White "Andreev, Konstantin"]
[Black "Djordjevic, Vuk D"]
[Result "0-1"]
[WhiteElo "2241"]
[BlackElo "2385"]
[PlyCount "78"]
[EventDate "2023.06.06"]
[EventType "swiss (blitz)"]
[EventRounds "11"]
[EventCountry "USA"]
[SourceTitle "EXT 2024"]
[Source "ChessBase"]
[SourceDate "2023.10.10"]
[SourceVersion "1"]
[SourceVersionDate "2023.10.10"]
[SourceQuality "1"]

1. e4 e6 2. d4 d5 3. Nc3 Bb4 4. e5 c5 5. a3 Bxc3+ 6. bxc3 Qa5 7. Bd2 Qa4 8. Nf3 b6 9. Bd3 Ba6 10. Qe2 Bxd3 11. cxd3 Ne7 12. 0-0 c4 13. dxc4 Qxc4 14. Qxc4 dxc4 15. Ng5 Nbc6 16. Ne4 0-0 17. Nd6 Na5 18. Rab1 Nd5 19. f4 a6 20. f5 b5 21. Rf3 Nb3 22. Be1 Rad8 23. Rb2 exf5 24. Rxf5 f6 25. Rbf2 fxe5 26. Rxf8+ Rxf8 27. Rxf8+ Kxf8 28. dxe5 Ke7 29. a4 bxa4 30. Nxc4 Nc7 31. Na3 Nb5 32. c4 Nxa3 33. Bb4+ Ke6 34. Bxa3 Kxe5 35. Bb2+ Ke4 36. Bxg7 a3 37. c5 a2 38. Bb2 Nxc5 39. Kf2 Nd3+ 0-1

[Event "Titled Tuesday intern op 06th Jun Early"]
[Site "Chess.com INT"]
[Date "2023.06.06"]
[Round "7"]
[White "Papasimakopoulos, Alexandros"]
[Black "Andreev, Konstantin"]
[Result "1-0"]
[WhiteElo "2401"]
[BlackElo "2241"]
[PlyCount "91"]
[EventDate "2023.06.06"]
[EventType "swiss (blitz)"]
[EventRounds "11"]
[EventCountry "USA"]
[SourceTitle "EXT 2024"]
[Source "ChessBase"]
[SourceDate "2023.10.10"]
[SourceVersion "1"]
[SourceVersionDate "2023.10.10"]
[SourceQuality "1"]

1. d4 Nf6 2. c4 e6 3. Nc3 Bb4 4. e3 0-0 5. Bd2 Re8 6. Nf3 Bf8 7. Bd3 d6 8. e4 e5 9. d5 c6 10. 0-0 g6 11. b4 Bg7 12. Qb3 cxd5 13. cxd5 Bg4 14. Ne1 Nh5 15. f3 Bc8 16. g3 Nd7 17. Nc2 Nb6 18. a4 Bd7 19. a5 Nc8 20. Be3 f5 21. exf5 gxf5 22. Bf2 Ne7 23. Rac1 Ng6 24. Ne3 Qg5 25. Ng2 f4 26. Ne4 Qe7 27. g4 Nf6 28. Rc7 Reb8 29. Rfc1 Ne8 30. R7c2 a6 31. h4 Rc8 32. h5 Nf8 33. Bh4 Qf7 34. Ng5 Qf6 35. Nxh7 Qh6 36. Bg5 Qxh7 37. Bxh7+ Nxh7 38. Bh4 e4 39. Rxc8 Rxc8 40. Rxc8 Bxc8 41. Nxf4 exf3 42. Qxf3 Nef6 43. Ne6 Bh8 44. g5 Ne8 45. g6 Nhf6 46. h6 1-0

[Event "Titled Tuesday intern op 30th May Early"]
[Site "Chess.com INT"]
[Date "2023.05.30"]
[Round "4"]
[White "Wang, Ricky"]
[Black "Andreev, Konstantin"]
[Result "1-0"]
[WhiteElo "1993"]
[BlackElo "2195"]
[PlyCount "73"]
[EventDate "2023.05.30"]
[EventType "swiss (blitz)"]
[EventRounds "11"]
[EventCountry "USA"]
[SourceTitle "CBM 214 Extra"]
[Source "ChessBase"]
[SourceDate "2023.07.31"]
[SourceVersion "1"]
[SourceVersionDate "2023.07.31"]
[SourceQuality "1"]

1. e4 c5 2. Nf3 e6 3. b3 Nc6 4. Bb5 Nge7 5. 0-0 a6 6. Bxc6 Nxc6 7. Bb2 f6 8. d4 cxd4 9. Nxd4 Be7 10. Qh5+ g6 11. Qh6 Kf7 12. Nxc6 bxc6 13. e5 f5 14. Rd1 c5 15. Nd2 Bb7 16. Nc4 Bd5 17. Rxd5 Bg5 18. Rxd7+ Qxd7 19. Qxg5 Qe7 20. Nd6+ Kf8 21. Qh6+ Qg7 22. Qxg7+ Kxg7 23. Ba3 Ra7 24. Bxc5 Rc7 25. b4 Rb8 26. c4 a5 27. a3 g5 28. Rd1 Kg6 29. Nb5 Rcc8 30. Rd6 axb4 31. axb4 Kh5 32. Rxe6 Ra8 33. h3 Ra1+ 34. Kh2 Rc1 35. Nd4 f4 36. Nf5 Rc2 37. Rh6# 1-0

[Event "Titled Tuesday intern op 30th May Early"]
[Site "Chess.com INT"]
[Date "2023.05.30"]
[Round "7"]
[White "Zaksaite, Salomeja"]
[Black "Andreev, Konstantin"]
[Result "1-0"]
[WhiteElo "2283"]
[BlackElo "2195"]
[PlyCount "59"]
[EventDate "2023.05.30"]
[EventType "swiss (blitz)"]
[EventRounds "11"]
[EventCountry "USA"]
[SourceTitle "CBM 214 Extra"]
[Source "ChessBase"]
[SourceDate "2023.07.31"]
[SourceVersion "1"]
[SourceVersionDate "2023.07.31"]
[SourceQuality "1"]

1. e4 c5 2. Nf3 e6 3. g3 Nc6 4. Bg2 a6 5. 0-0 b5 6. d4 cxd4 7. Nxd4 Bb7 8. a4 b4 9. Re1 Nge7 10. c4 bxc3 11. Nxc3 Nxd4 12. Qxd4 Nc6 13. Qd1 d6 14. Rb1 Be7 15. b4 0-0 16. b5 axb5 17. Nxb5 Rb8 18. Ba3 Qa5 19. Nxd6 Rfd8 20. e5 Nxe5 21. Bxb7 Bxd6 22. Bxd6 Nc4 23. Bxb8 Rxd1 24. Rexd1 h5 25. Bf3 h4 26. Bf4 e5 27. Bg5 h3 28. Rb8+ Kh7 29. Be4+ g6 30. Bf6 1-0